| 000 | 00466nam a2200193 a 4500 | ||
|---|---|---|---|
| 001 | BRCA_5900 | ||
| 005 | 20190320205245.0 | ||
| 008 | 170311s19------gw-a######---#000-0#ger-# | ||
| 041 | _ager | ||
| 044 | _agw | ||
| 050 | 4 |
_aGV1243 _b.S35 |
|
| 245 | 1 | 0 |
_a40 Patiencen _cZusammengestellt von Hanna Schmitz. |
| 260 |
_aFrankfurt _bH. Dondorf _c19--? |
||
| 300 |
_a63 p. _bil. _c14 cm. |
||
| 500 | _aH141 | ||
| 650 | 1 | 4 |
_aBarajas _914923 |
| 902 | _aGFM | ||
| 942 |
_2lcc _cB |
||
| 999 |
_c5589 _d5589 |
||